Dialéctica de la Ilustración: Fragmentos filosóficos.
Guardat en:
| Autor principal: | |
|---|---|
| Altres autors: | , |
| Format: | Llibre |
| Publicat: |
Madrid, España:
Trotta,
2006.
|
| Edició: | Octava edición. |
| Col·lecció: | Colección Estructuras y Procesos
Serie Filosofía. |
| Matèries: | |
| Etiquetes: |
Afegir etiqueta
Sense etiquetes, Sigues el primer a etiquetar aquest registre!
|
MARC
| LEADER | 00000nam a22000007a 4500 | ||
|---|---|---|---|
| 003 | CL-VaPUC | ||
| 005 | 20250321101941.0 | ||
| 008 | 250203t2006 ||||| |||| 00| 0 eng d | ||
| 999 | |c 446992 |d 446990 | ||
| 020 | |a 84-87699-97-9 | ||
| 040 | |c Pontificia Universidad Católica de Valparaíso | ||
| 082 | |a 193 HOR 2006 | ||
| 100 | |9 402295 |a Horkheimer, Max |e autor | ||
| 245 | |a Dialéctica de la Ilustración: |b Fragmentos filosóficos. | ||
| 250 | |a Octava edición. | ||
| 260 | |a Madrid, España: |b Trotta, |c 2006. | ||
| 300 | |a 303 páginas. | ||
| 490 | |a Colección Estructuras y Procesos | ||
| 490 | |a Serie Filosofía. | ||
| 500 | |a c.1-c.2. Instituto Arcos.08-01-2025. | ||
| 583 | |c 20250203 |k Gabriela Rodríguez Cuevas | ||
| 650 | 0 | |9 313124 |a Ilustración |x Aspectos filosóficos | |
| 650 | 0 | |9 330532 |a Posmodernismo |x Ensayos | |
| 650 | 0 | |9 265002 |a Filosofía alemana | |
| 650 | 0 | |9 257902 |a Dialéctica |x Filosofía moderna | |
| 700 | |9 887554 |a Adorno, Theodor W., |e autor | ||
| 700 | |9 896114 |a Sánchez, Juan José |e introducción |e traductor | ||
| 942 | |2 ddc |c BK |n 0 | ||
| 952 | |0 0 |1 0 |2 ddc |4 0 |6 193_000000000000000_HOR_2006 |7 0 |8 A |9 600344 |a BIBINC |b BIBINC |d 2025-02-03 |e Instituto Arcos |i 5665280 |o 193 HOR 2006 |p 5665280 |r 2025-02-03 |t 1 |w 2025-02-03 |y BK |k IFP | ||
| 952 | |0 0 |1 0 |2 ddc |4 0 |6 193_000000000000000_HOR_2006 |7 0 |8 A |9 600345 |a BIBINC |b BIBINC |d 2025-02-03 |e Instituto Arcos |i 5665281 |o 193 HOR 2006 |p 5665281 |r 2025-02-03 |t 2 |w 2025-02-03 |y BK |k IFP | ||